| 000 | 00434nam a2200193Ia 4500 | ||
|---|---|---|---|
| 008 | 210210b1944 xxu||||| |||| 00| 0 eng d | ||
| 041 | _aeng | ||
| 082 | _a821/753 | ||
| 100 | _aWORDSWORTH (W) | ||
| 245 | _aPoetical Works Vol II | ||
| 260 |
_aOxford _bAt the Clarendon Press _c1944 |
||
| 440 | _aII | ||
| 650 | _aWorks | ||
| 650 | _aVol | ||
| 650 | _aPoetical | ||
| 650 | _aII | ||
| 690 | _aEnglish Poetry | ||
| 906 | _a011921 | ||
| 999 |
_c130651 _d130651 |
||